000 00902nam a22002177a 4500
003 OSt
005 20250819143806.0
008 241007b |||||||| |||| 00| 0 eng d
040 _c0
082 _aDPer 613.705 J826 January-December 2020 v. 91 n. 1-9
100 _aWard, Phillip.
_eauthor.
_962435
245 _aConfronting the challenge of continuous professional development for physical education teacher educators /
_cPhillip Ward and Hans Van Der Mars.
260 _aVirginia ;
_bAmerican Alliance for Health ,
_cJanuary 2020.
300 _aVolume 91, pages 7-13 :
_billustration ;
_c28 cm.
500 _aThe Journal of Physical Education Recreation & Dance, vol. 91, no. 1, pages 7-13, January 2020.
650 0 _aTeachers.
_916035
650 0 _aPhysical education.
_950439
700 _aWard, Phillip.
_eauthor.
_959732
700 _aMars, Hans van der.
_eauthor.
_959756
942 _2ddc
_cPER
999 _c22300
_d22300